|
|
|
|
| LEADER |
00000naa a2200000uu 4500 |
| 001 |
vtls011093285 |
| 003 |
SK-MaSNL |
| 005 |
20260302110455.0 |
| 008 |
210824|1997 xo |||||||||||||||||eng| |
| 015 |
|
|
|a SNBRA
|
| 035 |
|
|
|a (urnnbn)urn:nbn:sk:snk:ar-a0cs7t
|
| 035 |
|
|
|a (uuid)a8624b1b-7e2f-4995-8c2b-9885170833cd
|
| 035 |
|
|
|a urn:nbn:sk:snk-aavxw5
|
| 040 |
|
|
|a SNKBUCL
|b slo
|c SNKBUCL
|e AACR2
|
| 041 |
0 |
|
|a eng
|
| 044 |
|
|
|a xo
|c SK
|
| 100 |
1 |
|
|a Valcheva, Liliana
|4 aut
|9 786557
|
| 245 |
1 |
0 |
|a NONTOXIC ADHESIVE INGREDIENTS FOR WOODEN COMPOSITES
|c Liliana Valcheva, Donka Christova
|
| 700 |
1 |
|
|a Christova, Donka
|4 aut
|9 786558
|
| 773 |
0 |
|
|t Pokroky vo výrobe a použití lepidiel v drevopriemysle : 13. sympózium, Vinné, 3.-5.9.1997 : zborník referátov
|d Vo Zvolene : Technická univerzita, 1997
|g S. 163-166
|z 8022805920
|
| 958 |
|
|
|a OND
|
| 958 |
|
|
|a article12
|
| 958 |
|
|
|a chapter
|
| 999 |
|
|
|c 1243545
|d 1245475
|